00753cam a22002411 4500001001300000003000400013005001700017008004100034010001700075025001900092035002000111040001800131042001200149050002000161082001800181245007900199260005600278300005000334504004000384504003000424600004000454999001700494sa 67005501 DLC20260227112357.0860228s1966 ii ach b 000 0 eng  asa 67005501  aPL480:I-E-7838 a(OCoLC)13211393 aDLCcCLUdDLC apremarc00aDS479.1.G6bG65 a954.03/5/092400aGopal Krishna Gokhale, a centenary tribute.cForeword by S. Radhakrishnan. a[New Delhi]bMaharashtra Information Centrec[1966] avii, 192 p.billus., ports., facsims.c31 cm. a"Sources of contributions": p. 178. aBibliography: p. 187-192.10aGokhale, Gopal Krishna,d1866-1915. c75234d75234